The United States and Iran : (Record no. 26368)
[ view plain ]
| 000 -LEADER | |
|---|---|
| fixed length control field | 01158cam a2200289 a 4500 |
| 001 - CONTROL NUMBER | |
| control field | 26368 |
| 003 - CONTROL NUMBER IDENTIFIER | |
| rucl marc code | BD-RjUL |
| 005 - DATE AND TIME OF LATEST TRANSACTION | |
| control field | 20211209051016.0 |
| 008 - FIXED-LENGTH DATA ELEMENTS--GENERAL INFORMATION | |
| fixed length control field | 140322s1980 mdu b 001 0 eng d |
| 020 ## - INTERNATIONAL STANDARD BOOK NUMBER | |
| International Standard Book Number | 0890933782 |
| 035 ## - SYSTEM CONTROL NUMBER | |
| System control number | (BD-RjUL)26438 |
| 040 ## - CATALOGING SOURCE | |
| Original cataloging agency | DLC |
| Transcribing agency | DLC |
| Modifying agency | DLC |
| -- | BD-RjUL |
| Language of cataloging | eng |
| 041 ## - LANGUAGE CODE | |
| Language code of text/sound track or separate title | eng |
| 082 00 - DEWEY DECIMAL CLASSIFICATION NUMBER | |
| Classification number | 327.73055 |
| Edition number | 19 |
| Author mark and year | UND 1980 |
| 245 04 - TITLE STATEMENT | |
| Title | The United States and Iran : |
| Remainder of title | a documentary history / |
| Statement of responsibility, etc. | Yonah Alexander and Allan Nanes, editors ; prepared in association with the World Power Studies Program, the Center for Strategic and International Studies, Georgetown University. |
| 260 ## - PUBLICATION, DISTRIBUTION, ETC. (IMPRINT) | |
| Place of publication, distribution, etc. | Frederick, Md. : |
| Name of publisher, distributor, etc. | Aletheia Books : |
| -- | University Publications of America, |
| Date of publication, distribution, etc. | c1980. |
| 300 ## - PHYSICAL DESCRIPTION | |
| Pagination | xi, 524 p. ; |
| Size | 24 cm. |
| 504 ## - BIBLIOGRAPHY, ETC. NOTE | |
| Bibliography, etc | Bibliography: p. 512-522. and Index |
| 651 #0 - SUBJECT ADDED ENTRY--GEOGRAPHIC NAME | |
| Geographic name | United States |
| General subdivision | Foreign relations |
| Geographic subdivision | Iran |
| General subdivision | Sources. |
| 9 (RLIN) | 81078 |
| Geographic name | Iran |
| General subdivision | Foreign relations |
| Geographic subdivision | United States |
| General subdivision | Sources. |
| 9 (RLIN) | 81079 |
| 700 1# - ADDED ENTRY--PERSONAL NAME | |
| Personal name | Alexander, Yonah. |
| Personal name | Nanes, Allan S. |
| 710 2# - ADDED ENTRY--CORPORATE NAME | |
| Corporate name or jurisdiction name as entry element | Georgetown University. |
| Subordinate unit | World Power Studies Program. |
| 9 (RLIN) | 81082 |
| 942 ## - ADDED ENTRY ELEMENTS (KOHA) | |
| Source of classification or shelving scheme | Dewey Decimal Classification |
| Koha item type | Books |
| Lost status | Source of classification or shelving scheme | Damaged status | Not for loan | Collection code | Permanent Location | Current Location | Shelving location | Date acquired | Source of acquisition | Cost, normal purchase price | Total Checkouts | Full call number | Date last seen | Copy number | Koha item type |
|---|---|---|---|---|---|---|---|---|---|---|---|---|---|---|---|
| Dewey Decimal Classification | Added to bundle | Non-fiction | Central Library, University of Rajshahi | Central Library, University of Rajshahi | Reading Room | 26/01/1986 | Tappan | 25.50 | 327.73055 UND 1980 | 22/03/2014 | C-1 | Books | |||
| Dewey Decimal Classification | Non-fiction | Central Library, University of Rajshahi | Central Library, University of Rajshahi | 26/01/1986 | Tappan | 25.50 | 327.73055 UND 1980 | 22/03/2014 | C-2 | Books | |||||
| Dewey Decimal Classification | Non-fiction | Central Library, University of Rajshahi | Central Library, University of Rajshahi | 26/01/1986 | Tulip-Tapom. | 25.50 | 327.73055 UND 1980 | 23/03/2014 | C-3 | Books |